[Event "27th CRO-chT 1B-Men 2018"]
[Site "Biograd"]
[Date "2018.09.15"]
[Round "1.5"]
[White "Vujakovic, Branko"]
[Black "Trbojevic, Mladen"]
[Result "1-0"]
[WhiteElo "2340"]
[BlackElo "2353"]
[Annotator "ChessBase"]
[PlyCount "33"]
[EventDate "2018.09.15"]
[EventType "team-tourn"]
[EventCountry "CRO"]
[SourceTitle "playchess.com"]
[Source "ChessBase"]
[SourceQuality "1"]
[TimeControl "40/5400+30:1800+30"]

1. e4 {[%emt 0:03:30]} e5 {[%emt 0:00:30]} 2. Nf3 {[%emt 0:00:30]} Nc6 {[%emt 0:00:30]} 3. Bb5 {[%emt 0:00:30]} a6 {[%emt 0:00:30]} 4. Ba4 {[%emt 0:00:00]} Nf6 {[%emt 0:00:00]} 5. d4 {[%emt 0:01:00]} exd4 {[%emt 0:01:00]} 6. O-O {[%emt 0:00:30]} Be7 {[%emt 0:00:30]} 7. e5 {[%emt 0:00:30]} Ne4 {[%emt 0:00:30]} 8. Nxd4 {[%emt 0:00:00]} O-O {[%emt 0:03:30]} 9. Re1 {[%emt 0:06:00]} Nxd4 {[%emt 0:04:30]} 10. Qxd4 {[%emt 0:00:30]} Nc5 {[%emt 0:00:30]} 11. Nc3 {[%emt 0:00:30]} Nxa4 {[%emt 0:03:30]} 12. Qxa4 {[%emt 0:00:30]} d5 {[%emt 0:02:30]} 13. exd6 {[%emt 0:03:30]} Bxd6 {[%emt 0:01:30]} 14. Bf4 {[%emt 0:02:30]} Bf5 {[%emt 0:25:30]} 15. Bxd6 {[%emt 0:22:30]} Qxd6 {[%emt 0:31:30]} 16. Rad1 {[%emt 0:00:30]} Bd7 {[%emt 0:07:29]} 17. Qxd7 {[%emt 0:00:30]} 1-0

[Event "27th CRO-chT 1B-Men 2018"]
[Site "Biograd"]
[Date "2018.09.15"]
[Round "1.6"]
[White "Horvat, David"]
[Black "Blazeka, Matej"]
[Result "0-1"]
[WhiteElo "2212"]
[BlackElo "2354"]
[Annotator "NA"]
[PlyCount "96"]
[EventDate "2018.09.15"]
[EventType "team-tourn"]
[EventCountry "CRO"]
[SourceTitle "playchess.com"]
[Source "ChessBase"]
[SourceQuality "1"]
[TimeControl "40/5400+30:1800+30"]

1. e4 {[%emt 0:00:30]} e5 {[%emt 0:00:30]} 2. Nf3 {[%emt 0:00:30]} Nf6 {[%emt 0:00:00]} 3. Nxe5 {[%emt 0:00:30]} d6 {[%emt 0:00:00]} 4. Nf3 {[%emt 0:00:30]} Nxe4 {[%emt 0:00:30]} 5. Nc3 {[%emt 0:00:00]} Nxc3 {[%emt 0:00:30]} 6. dxc3 {[%emt 0:00:00]} Be7 {[%emt 0:00:30]} 7. Be3 {[%emt 0:00:30]} O-O {[%emt 0:00:30]} 8. Qd2 {[%emt 0:00:30] C42: Petroff Defence: 3 Nxe5 and unusual White 3rd moves} Nd7 {[%emt 0:00:30]} 9. O-O-O {[%emt 0:00:30]} b6 {[%emt 0:02:30]} (9... c6 10. h4 d5 11. Kb1 Nf6 12. Bd3 Re8 13. Ng5 h6 14. f3 c5 15. g4 c4 {1-0 (28) Aronian,L (2767)-Anand,V (2768) Saint Louis 2018}) 10. h4 {[%emt 0:10:30]} Bb7 {[%emt 0:02:30]} 11. h5 {[%emt 0:06:30]} Nc5 {[%emt 0:01:30]} 12. Nd4 $146 {[%emt 0:11:30]} ({Predecessor:} 12. Kb1 Bf6 13. h6 g6 14. Ng5 Re8 15. f4 d5 {1-0 (42) Sargsyan,S (2472)-Martirosyan,G (2145) Yerevan 2018}) 12... Ne4 {[%emt 0:00:30]} 13. Qe1 {[%emt 0:03:30]} Bg5 {[%emt 0:26:30]} 14. f4 {[%emt 0:12:30]} Bf6 {[%emt 0:00:30]} 15. Bb5 {[%emt 0:17:30]} Qc8 {[%emt 0:20:30]} 16. h6 {[%emt 0:09:30]} g6 {[%emt 0:00:30]} 17. g4 {[%emt 0:04:42]} c5 {[%emt 0:03:30]} 18. Ne2 {[%emt 0:03:11]} Qxg4 {[%emt 0:01:30]} 19. Kb1 {[%emt 0:07:01]} a6 {[%emt 0:16:30]} 20. Bd3 {[%emt 0:02:32]} Rfe8 {[%emt 0:02:31]} 21. Bc1 {[%emt 0:04:11]} d5 {[%emt 0:13:29]} 22. Qf1 {[%emt 0:01:34]} c4 {[%emt 0:02:51]} 23. Rg1 {[%emt 0:01:55]} cxd3 {[%emt 0:01:45]} 24. Rxg4 {[%emt 0:01:01]} dxe2 {[%emt 0:00:09]} 25. Qg1 {[%emt 0:00:33]} exd1=Q {[%emt 0:00:27]} 26. Qxd1 {[%emt 0:00:12]} Nf2 {[%emt 0:00:18]} 27. Qg1 {[%emt 0:00:33]} Nxg4 {[%emt 0:00:14]} 28. Qxg4 {[%emt 0:00:02]} Bc8 {[%emt 0:01:31]} 29. Qg1 {[%emt 0:00:22]} b5 {[%emt 0:01:11]} 30. a3 {[%emt 0:01:15]} Bf5 {[%emt 0:00:12]} 31. Be3 {[%emt 0:00:37]} Re4 {[%emt 0:00:23]} 32. Bd4 {[%emt 0:00:13]} Rae8 {[%emt 0:00:54]} 33. Ka2 {[%emt 0:00:39]} Bxd4 {[%emt 0:01:03]} 34. cxd4 {[%emt 0:00:02]} f6 {[%emt 0:00:00]} 35. Qg2 {[%emt 0:00:17]} Rxd4 {[%emt 0:00:29]} 36. Qf2 {[%emt 0:00:18]} Rde4 {[%emt 0:00:29]} 37. Qa7 {[%emt 0:00:26]} R4e7 {[%emt 0:00:32]} 38. Qxa6 {[%emt 0:00:06]} Bxc2 {[%emt 0:00:29]} 39. Qxb5 {[%emt 0:00:28]} Bf5 {[%emt 0:00:25]} 40. Qb6 {[%emt 0:00:00]} Be6 {[%emt 0:00:00]} 41. Qd4 {[%emt 0:06:20]} Kf7 {[%emt 0:03:38]} 42. a4 {[%emt 0:08:44]} Rb7 {[%emt 0:00:30]} 43. b4 {[%emt 0:09:09]} Rc8 {[%emt 0:01:30]} 44. f5 {[%emt 0:02:34]} gxf5 {[%emt 0:02:30]} 45. b5 {[%emt 0:02:29]} Rc4 {[%emt 0:00:30]} 46. Qg1 {[%emt 0:00:27]} Rxa4+ {[%emt 0:04:30]} 47. Kb3 {[%emt 0:02:30]} Rg4 {[%emt 0:00:00]} 48. Qc5 {[%emt 0:01:10]} Rc4 {[%emt 0:01:00]} 0-1

[Event "27th CRO-chT 1B-Men 2018"]
[Site "Biograd"]
[Date "2018.09.15"]
[Round "1.7"]
[White "Sprenger, Jan Michael"]
[Black "Ruck, Robert"]
[Result "0-1"]
[WhiteElo "2490"]
[BlackElo "2505"]
[Annotator "TA"]
[PlyCount "92"]
[EventDate "2018.09.15"]
[EventType "team-tourn"]
[EventCountry "CRO"]
[SourceTitle "playchess.com"]
[Source "ChessBase"]
[SourceQuality "1"]

{[%evp 17,92,-20,-13,-70,-70,-82,-70,-80,-76,-65,-56,-62,-64,-66,-52,-66,-46,-56,-58,-52,-44,-47,-45,-117,-110,-105,-69,-98,-91,-94,-104,-100,-100,-112,-117,-158,-137,-232,-226,-503,-486,-482,-476,-527,-337,-459,-367,-352,-356,-512,-465,-756,-757,-829,-825,-815,-814,-811,-810,-768,-763,-29979,-29979,-29979,-29980,-29980,-29981,-29981,-29978,-29978,-29979,-29979,-29980,-29979,-29981,-29980,-29981]} 1. e4 {Ftacnik,L} Nf6 2. e5 Nd5 3. d4 d6 4. Nf3 dxe5 5. Nxe5 c6 6. Bc4 Nd7 7. O-O {B04: Aljechin-Verteidigung (Moderne Variante)} (7. Nf3 g6 8. O-O Bg7 9. Re1 O-O 10. c3 Re8 11. Bg5 Nf8 12. Nbd2 Be6 13. Bh4 Qb6 14. Bb3 Rad8 15. Ne4 Nf4 16. Nc5 Bxb3 17. axb3 N8e6 18. Nxe6 Nxe6 {0-1 (37) Bologan,V (2681)-Mamedyarov,S (2764) Beijing 2012}) 7... Nxe5 8. dxe5 Bf5 9. Nd2 e6 {LiveBook: 5 Partien} 10. Nb3 $146 (10. c3 $11) ({Vorgänger:} 10. a3 Be7 11. Ba2 O-O 12. Nb3 Qc7 13. Qe2 Rad8 14. Bb1 Qb6 {½-½ (24) Yermolinsky,A (2615)-Shabalov,A (2575) New York 1993 CBM 035 [Ftacnik,L]}) 10... Nb4 $15 11. Bd2 Bxc2 12. Qe1 Nd5 13. Rc1 Bg6 {[%cal Bc2g6,Bg6d3,Bd3c4][%mdl 32]} 14. f4 Nb6 15. Ba5 Be7 16. g4 {f5 ist eine echte Drohung.} Bd3 17. Rd1 Bxc4 18. Rxd8+ Rxd8 19. Rf3 h5 20. g5 ({Lieber} 20. Rh3 $15) 20... O-O $17 21. Rc3 Bxb3 22. Rxb3 Rd4 23. Rf3 Rfd8 {Und weiter mit ...Td1 wäre nett.} 24. Kg2 {[#]} g6 $1 25. Bc3 Rd1 26. Qe4 Nd5 27. Be1 (27. Bd4 $17 {war angesagt.}) 27... Bc5 $19 28. Bf2 $2 (28. h3 {ist wohl besser.}) 28... Bxf2 29. Rxf2 Ne7 30. Qa4 a6 31. Qb4 R8d7 32. Rf1 {Schwarz muss nun Txd1 beachten.} R1d4 33. Qe1 (33. Qa5 $142 Nd5 34. Kg3) 33... Nf5 34. Rf2 (34. Kh1 $142 Rd2 35. b3) 34... Rd1 35. Qb4 R7d3 {[%cal Rf5h4]} 36. h3 Nh4+ 37. Kh2 Nf3+ 38. Rxf3 Rxf3 39. Qxb7 {[%mdl 4096] Endspiel KD-KTT} Rd2+ {Schwarz setzt Matt.} 40. Kg1 Rg3+ 41. Kf1 Rxh3 {[%cal Rh3h1]} 42. Qxc6 Rxb2 43. f5 {[#]} Rh1+ $1 {[%mdl 512]} 44. Qxh1 Rb1+ 45. Kg2 Rxh1 46. Kxh1 exf5 {Precision: Weiß = 42%, Schwarz = 84%.} 0-1

[Event "27th CRO-chT 1B-Men 2018"]
[Site "Biograd"]
[Date "2018.09.15"]
[Round "1.8"]
[White "Horvath, Adam"]
[Black "Seyb, Alexander"]
[Result "1/2-1/2"]
[WhiteElo "2482"]
[BlackElo "2388"]
[Annotator "TA"]
[PlyCount "76"]
[EventDate "2018.09.15"]
[EventType "team-tourn"]
[EventCountry "CRO"]
[SourceTitle "playchess.com"]
[Source "ChessBase"]
[SourceQuality "1"]

{[%evp 24,76,0,0,0,12,22,17,37,33,43,49,49,49,49,40,46,52,27,45,35,0,0,0,0,0,0,0,0,0,2,0,28,-13,-16,-1214,-90,-784,-775,-725,-700,-29986,-29987,-29987,-29988,-29989,0,0,0,0,0,0,0,0,0]} 1. e4 c5 2. Nf3 d6 3. d4 cxd4 4. Nxd4 Nf6 5. Nc3 a6 6. Be2 e5 7. Nb3 Be7 8. Be3 Be6 9. Qd3 O-O 10. Nd5 Nbd7 11. O-O Bxd5 12. exd5 Ne8 {B92: Sicilian Najdorf: 6 Be2} 13. a4 {LiveBook: 5 Games} Bg5 14. a5 Bxe3 15. Qxe3 Nef6 16. c4 {[#]} Qc7 $146 ({Predecessor:} 16... Rb8 17. Rfb1 Qc7 18. Nd2 b6 19. Nb3 Nc5 20. axb6 Rxb6 21. Nxc5 dxc5 {½-½ (59) Carlsen,M (2838)-Vachier Lagrave,M (2803) Karlsruhe/Baden-Baden 2017}) 17. Nd2 Rfb8 18. b4 b6 19. axb6 Rxb6 20. Ra4 Rab8 21. Qa3 Qb7 {[%cal Rb6b4]} 22. Rb1 Nc5 23. bxc5 Rxb1+ 24. Nxb1 Qxb1+ 25. Bf1 Ne4 $36 {[%mdl 2048] White is under pressure.} 26. Rxa6 Qc2 27. Qe3 g6 28. f3 (28. cxd6 Rb1 $19) 28... Nd2 29. Qd3 $2 {[%mdl 8192] [#]} ({Not} 29. Rxd6 $2 Nxf1 30. Qxe5 Ne3 $1 $19 {[%mdl 512]}) (29. Qe2 $11 Qc3 30. cxd6 (30. Rxd6 $2 Qd4+ 31. Kh1 Rb1 $19)) 29... Qc1 $2 (29... Rb1 $1 $19 {[%mdl 512] has better winning chances. ( -> ...Qxd3)} 30. Qe2 Rxf1+ 31. Qxf1 Nxf1 32. Ra8+ Kg7 33. Kxf1 dxc5) 30. cxd6 $2 {[%mdl 8192] [#]} (30. Ra2 $17 Nxf1 31. Qxf1 Qe3+ 32. Kh1 Qxc5 33. h3) 30... Rb1 $1 $19 {[%cal Rc1f1]} 31. h3 Nxf1 ({But not} 31... Qxf1+ $2 32. Qxf1 Rxf1+ 33. Kh2 $18) 32. Ra8+ Kg7 33. Qxb1 Qxb1 34. d7 Qe1 $2 (34... Ng3+ {mates} 35. Kf2 Nh1+ 36. Ke3 Qc1+ 37. Ke2 Qc2+ 38. Ke1 Ng3 39. Ra2 Qxa2 40. Kd1 e4 41. fxe4 Nxe4 42. Kc1 Qd2+ 43. Kb1 Nc3+ 44. Ka1 Qc1#) 35. d8=Q $11 {The position is equal.} Ne3+ 36. Kh2 Nf1+ 37. Kg1 Ne3+ 38. Kh2 Nf1+ {Precision: White = 42%, Black = 56%.} 1/2-1/2

[Event "27th CRO-chT 1B-Men 2018"]
[Site "Biograd"]
[Date "2018.09.15"]
[Round "1.9"]
[White "Muha, Miljenko"]
[Black "Dabo-Peranic, Robert"]
[Result "0-1"]
[WhiteElo "2364"]
[BlackElo "2284"]
[Annotator "ChessBase"]
[PlyCount "86"]
[EventDate "2018.09.15"]
[EventType "team-tourn"]
[EventCountry "CRO"]
[SourceTitle "playchess.com"]
[Source "ChessBase"]
[SourceQuality "1"]
[TimeControl "40/5400+30:1800+30"]

1. Nf3 {[%emt 0:00:30]} d5 {[%emt 0:01:30]} 2. c4 {[%emt 0:00:30]} d4 {[%emt 0:00:00]} 3. g3 {[%emt 0:03:30]} Nc6 {[%emt 0:00:00]} 4. Bg2 {[%emt 0:01:30]} e5 {[%emt 0:00:30]} 5. d3 {[%emt 0:00:30]} Bb4+ {[%emt 0:00:30]} 6. Bd2 {[%emt 0:03:30]} a5 {[%emt 0:00:00]} 7. O-O {[%emt 0:00:30]} Bxd2 {[%emt 0:00:00]} 8. Nbxd2 {[%emt 0:01:30]} Nf6 {[%emt 0:00:00]} 9. a3 {[%emt 0:10:30]} a4 {[%emt 0:00:00]} 10. b4 {[%emt 0:07:30]} axb3 {[%emt 0:00:00]} 11. Qxb3 {[%emt 0:00:00]} O-O {[%emt 0:05:00]} 12. Rfe1 {[%emt 0:17:00]} Nd7 {[%emt 0:01:30]} 13. Qb2 {[%emt 0:06:30]} Nc5 {[%emt 0:00:00]} 14. Nb3 {[%emt 0:03:30]} Nxb3 {[%emt 0:29:00]} 15. Qxb3 {[%emt 0:00:00]} Ra7 {[%emt 0:00:30]} 16. Qb2 {[%emt 0:04:00]} Qd6 {[%emt 0:06:30]} 17. Ng5 {[%emt 0:11:30]} Bf5 {[%emt 0:00:30]} 18. Ne4 {[%emt 0:01:30]} Bxe4 {[%emt 0:04:30]} 19. Bxe4 {[%emt 0:00:00]} Nd8 {[%emt 0:12:30]} 20. e3 {[%emt 0:12:56]} Ne6 {[%emt 0:00:30]} 21. f4 {[%emt 0:03:56]} exf4 {[%emt 0:06:30]} 22. exf4 {[%emt 0:00:13]} Nc5 {[%emt 0:00:30]} 23. Qe2 {[%emt 0:03:34]} c6 {[%emt 0:07:30]} 24. Bg2 {[%emt 0:04:26]} Rfa8 {[%emt 0:04:30]} 25. Bf1 {[%emt 0:02:07]} h6 {[%emt 0:02:36]} 26. Qb2 {[%emt 0:00:38]} g6 {[%emt 0:03:58]} 27. Re5 {[%emt 0:00:38]} Ra4 {[%emt 0:06:29]} 28. Rae1 {[%emt 0:00:58]} Rxa3 {[%emt 0:02:53]} 29. Qb4 {[%emt 0:00:00]} R3a5 {[%emt 0:00:28]} 30. Re8+ {[%emt 0:00:38]} Kg7 {[%emt 0:00:09]} 31. Rxa8 {[%emt 0:00:43]} Rxa8 {[%emt 0:00:03]} 32. Re5 {[%emt 0:00:13]} b6 {[%emt 0:03:22]} 33. Qxb6 {[%emt 0:00:07]} Nd7 {[%emt 0:00:08]} 34. Qb7 {[%emt 0:01:20]} Rb8 {[%emt 0:01:17]} 35. c5 {[%emt 0:00:25]} Qxe5 {[%emt 0:00:33]} 36. Qxd7 {[%emt 0:00:05]} Qe3+ {[%emt 0:00:06]} 37. Kg2 {[%emt 0:00:20]} Rb2+ {[%emt 0:00:15]} 38. Kh3 {[%emt 0:00:20]} Qf2 {[%emt 0:00:05]} 39. Kg4 {[%emt 0:00:32]} Qxh2 {[%emt 0:01:14]} 40. Qxd4+ {[%emt 0:00:00]} Kh7 {[%emt 0:00:00]} 41. Kf3 {[%emt 0:04:21]} Qh1+ {[%emt 0:09:54]} 42. Ke3 {[%emt 0:00:30]} Rb7 {[%emt 0:01:30]} 43. Kf2 {[%emt 0:00:30]} Rb1 {[%emt 0:00:30]} 0-1

[Event "27th CRO-chT 1B-Men 2018"]
[Site "Biograd"]
[Date "2018.09.15"]
[Round "1.10"]
[White "Martic, Zlatko"]
[Black "Ivic, Mateo"]
[Result "1-0"]
[WhiteElo "2244"]
[BlackElo "2223"]
[Annotator "NA"]
[PlyCount "49"]
[EventDate "2018.09.15"]
[EventType "team-tourn"]
[EventCountry "CRO"]
[SourceTitle "playchess.com"]
[Source "ChessBase"]
[SourceQuality "1"]
[TimeControl "40/5400+30:1800+30"]

1. d4 {[%emt 0:01:30]} Nf6 {[%emt 0:00:30]} 2. c4 {[%emt 0:00:30]} g6 {[%emt 0:00:30]} 3. Nc3 {[%emt 0:00:30]} Bg7 {[%emt 0:00:30]} 4. e4 {[%emt 0:00:30]} d6 {[%emt 0:00:30]} 5. h3 {[%emt 0:01:30]} O-O {[%emt 0:00:30]} 6. Be3 {[%emt 0:00:30]} c5 {[%emt 0:03:30]} 7. dxc5 {[%emt 0:01:30]} Qa5 {[%emt 0:03:30]} 8. Bd3 {[%emt 0:04:30]} dxc5 {[%emt 0:00:30]} 9. e5 {[%emt 0:08:30]} Nfd7 {[%emt 0:09:30]} 10. f4 {[%emt 0:00:30]} Nb6 {[%emt 0:04:30]} 11. Bd2 {[%emt 0:07:30]} N6d7 {[%emt 0:09:30]} 12. Nf3 {[%emt 0:00:30]} Nc6 {[%emt 0:00:30]} 13. O-O {[%emt 0:06:30]} Qd8 {[%emt 0:04:30]} 14. Be3 {[%emt 0:08:30]} Qa5 {[%emt 0:01:30]} 15. Qe2 {[%emt 0:03:30]} Rd8 {[%emt 0:07:30]} 16. Bd2 {[%emt 0:02:30]} e6 {[%emt 0:17:30]} 17. Ng5 {[%emt 0:16:30]} Qb6 {[%emt 0:04:30]} 18. b3 {[%emt 0:06:30]} a6 {[%emt 0:05:30]} 19. Rad1 {[%emt 0:01:30]} Qc7 {[%emt 0:00:30]} 20. Nce4 {[%emt 0:00:30]} Ndxe5 {[%emt 0:05:15]} 21. fxe5 {[%emt 0:00:30]} Nxe5 {[%emt 0:00:13]} 22. Bf4 {[%emt 0:03:30]} f5 {[%emt 0:02:26]} 23. Nf2 {[%emt 0:15:44]} h6 {[%emt 0:00:46]} 24. Nxe6 {[%emt 0:00:38]} Bxe6 {[%emt 0:00:16]} 25. Rfe1 {[%emt 0:00:12]} 1-0

[Event "27th CRO-chT 1B-Men 2018"]
[Site "Biograd"]
[Date "2018.09.17"]
[Round "1.11"]
[White "Krnic, Ivan"]
[Black "Rubil, Marko"]
[Result "0-1"]
[WhiteElo "2116"]
[BlackElo "2201"]
[Annotator "TA"]
[PlyCount "182"]
[EventDate "2018.09.15"]
[EventType "team-tourn"]
[EventCountry "CRO"]
[SourceTitle "playchess.com"]
[Source "ChessBase"]
[SourceQuality "1"]

{[%evp 11,182,-17,16,-8,0,-15,-25,-24,12,0,60,49,47,-17,-22,-133,-125,-125,-125,-112,-116,-116,-144,-125,-125,-150,-142,-143,-147,-144,-132,-143,-129,-122,-125,-134,-137,-165,-160,-175,-173,-189,-167,-162,-161,-180,-167,-200,-200,-196,-156,-205,-154,-172,-150,-213,-198,-215,-215,-204,-175,-176,-173,-181,-177,-168,-173,-179,-178,-235,-221,-253,-246,-242,-234,-247,-241,-295,-277,-262,-257,-254,-222,-319,-300,-281,-266,-265,-265,-265,-262,-265,-232,-422,-422,-422,-421,-416,-416,-419,-415,-458,-292,-266,0,-440,-375,-401,-377,-387,-379,-516,-510,-592,-575,-575,-574,-547,-547,-450,-279,-295,-279,-279,-302,-261,-200,-109,-109,-109,-127,-546,-523,-588,-215,-1562,-140,-719,-8,-8,-8,-8,-8,-8,-8,-8,-8,-8,-7,-7,-7,-7,-7,-7,-7,-8,-7,-8,-8,-8,-8,-8,-8,-8,-8,-8,-8,-29979,-29980,-29980,-29981,-29981,-29982]} 1. e4 e5 2. f4 Bc5 3. Nf3 d6 4. c3 Bb6 5. d4 (5. fxe5 dxe5 6. d4 Bg4 7. Qa4+ Qd7 8. Qxd7+ Nxd7 9. Nbd2 O-O-O 10. a4 exd4 11. cxd4 Ba5 12. Kf2 Ngf6 {1-0 (39) Salem,A (2743)-Saeed,I (2292) Sharjah 2018}) 5... exd4 6. cxd4 {C30: King's Gambit Declined} Bg4 {LiveBook: 10 Games} 7. Be2 Nc6 8. Be3 {The position is equal.} Nf6 9. Nc3 O-O 10. h3 Bd7 ({Black should try} 10... Bxf3 $11 11. Bxf3 d5) 11. Bd3 $146 ({Predecessor:} 11. Qd2 Re8 12. e5 dxe5 13. fxe5 {1-0 (21) Kaiser,R (1925)-Vorisek,J (1616) Ricany 2014}) 11... Re8 12. O-O (12. e5 $14) 12... Bf5 $1 $11 {[%cal Rf6e4]} 13. e5 (13. Bf2 $1 $11 Bxe4 14. Bxe4 Nxe4 15. Nxe4 Rxe4 16. d5) 13... Bxd3 14. Qxd3 dxe5 15. fxe5 Nxe5 16. Nxe5 Rxe5 17. Rad1 Re6 18. Bg5 h6 19. Bxf6 Rxf6 20. Rxf6 Qxf6 21. Nd5 Qe6 22. Qc4 Rd8 23. Nxb6 Qxb6 $17 {[%mdl 4096] Endgame KQR-KQR} 24. b3 c6 25. Kf2 Qa5 26. b4 Qf5+ 27. Kg1 Qe4 28. Qd3 Qd5 29. a3 Re8 30. Qg3 Re6 31. Rd2 Qe4 32. Kh2 g6 33. Qd3 (33. Rd1 $17) 33... Qd5 $19 34. Qg3 Kg7 35. Qc7 Qd6+ 36. Qxd6 Rxd6 {KR-KR} 37. Kg3 f5 {[%cal Bf7f5,Bf5f4][%mdl 32]} 38. Kf4 Kf6 39. Ke3 g5 40. Kd3 (40. Kf3 $142) 40... f4 41. a4 Re6 42. Kc4 Re3 43. b5 Ke6 44. a5 Kd6 45. bxc6 bxc6 46. Rb2 Ra3 47. Kb4 (47. Rb7 {was called for.} Rxa5 48. Rh7) 47... Ra1 48. Rc2 Rb1+ 49. Kc4 Rb5 50. Ra2 a6 51. Kc3 Rf5 52. Kb4 $2 (52. Kd3) 52... h5 53. Kc4 f3 54. gxf3 Rxf3 55. Rg2 Rf5 56. Ra2 Rf4 57. Rb2 Rf5 $2 (57... Rf8 58. Rg2 Rf5) 58. Ra2 Ke6 59. Re2+ Kd7 60. Ra2 Kd6 61. Ra1 g4 62. hxg4 hxg4 63. Rg1 Rg5 64. Rg3 Ke6 65. Kd3 Kf5 66. Ke3 Rg6 67. Kf2 Rd6 68. Rb3 {intending Rb6.} Rxd4 69. Rb6 Rc4 {Strongly threatening ...Kf4.} 70. Rxa6 Kf4 {aiming for ...g3+.} 71. Ra8 $2 {[%mdl 8192]} (71. Ke2 $17) 71... Rc2+ 72. Ke1 Ke3 $2 (72... Ra2 73. a6 Ra1+ 74. Ke2 g3 75. Rf8+ Ke5 76. Re8+ Kd6) 73. Kd1 $2 (73. Re8+ Kf3 74. Rf8+ Kg2 75. Ra8) 73... Rd2+ $2 (73... Ra2 $1 $19 {[%cal Ra2a1]} 74. Rg8 Kf4 75. Rf8+ Ke4) 74. Kc1 $2 {[%mdl 8192] [#]} (74. Ke1 $17 Ra2 75. Kf1) 74... Ra2 $2 (74... Rd7 $1 $19 75. Re8+ Kf3 76. Rf8+ Kg2) 75. Kb1 $132 {[%mdl 2048] White is not keeping still} Ra4 76. a6 $1 g3 77. a7 g2 78. Rg8 Kf3 79. Rf8+ Rf4 80. Rxf4+ Kxf4 81. a8=Q g1=Q+ {KQ-KQ} 82. Kc2 Qc5+ 83. Kb1 Ke4 84. Qe8+ Kd3 {Threatening ...Qc2+.} 85. Qg6+ Kc3 {( -> ...Qb5+)} 86. Qc2+ Kb4 {And now ...Qxc2+ would win.} 87. Qb2+ Ka4 88. Qf6 Qc4 {next ...Kb4 is good for Black.} 89. Qa1+ $2 {[%mdl 8192] [#]} (89. Kb2 $11) 89... Kb4 $1 {Black mates.} 90. Qa7 Qb3+ 91. Kc1 Qa3+ {Precision: White = 35%, Black = 69%.} 0-1

[Event "27th CRO-chT 1B-Men 2018"]
[Site "Biograd"]
[Date "2018.09.15"]
[Round "1.12"]
[White "Matanovic, Luka"]
[Black "Curic, Drazen"]
[Result "1-0"]
[WhiteElo "2252"]
[BlackElo "2133"]
[Annotator "NA"]
[PlyCount "73"]
[EventDate "2018.09.15"]
[EventType "team-tourn"]
[EventCountry "CRO"]
[SourceTitle "playchess.com"]
[Source "ChessBase"]
[SourceQuality "1"]
[TimeControl "40/5400+30:1800+30"]

1. e4 {[%emt 0:00:30]} Nf6 {[%emt 0:00:30]} 2. e5 {[%emt 0:00:00]} Nd5 {[%emt 0:00:00]} 3. d4 {[%emt 0:00:00]} d6 {[%emt 0:00:00]} 4. c4 {[%emt 0:00:30]} Nb6 {[%emt 0:00:30]} 5. exd6 {[%emt 0:00:30]} cxd6 {[%emt 0:01:30]} 6. Nc3 {[%emt 0:00:30]} g6 {[%emt 0:00:00]} 7. Be3 {[%emt 0:02:30]} Bg7 {[%emt 0:00:00]} 8. Rc1 {[%emt 0:01:30]} O-O {[%emt 0:02:30]} 9. b3 {[%emt 0:00:30]} Nc6 {[%emt 0:03:30]} 10. d5 {[%emt 0:01:30]} Ne5 {[%emt 0:05:30]} 11. Be2 {[%emt 0:00:30]} f5 {[%emt 0:01:30]} 12. Nf3 {[%emt 0:05:30]} Nxf3+ {[%emt 0:00:30]} 13. Bxf3 {[%emt 0:00:00]} Nd7 {[%emt 0:00:30]} 14. O-O {[%emt 0:07:00]} Ne5 {[%emt 0:00:30]} 15. Nb5 {[%emt 0:03:30]} f4 {[%emt 0:00:30]} 16. Bxa7 {[%emt 0:28:30]} Bd7 {[%emt 0:26:30]} 17. Bd4 {[%emt 0:04:30]} Bxb5 {[%emt 0:01:30]} 18. cxb5 {[%emt 0:03:30]} Nxf3+ {[%emt 0:00:30]} 19. gxf3 {[%emt 0:00:30]} Rf5 {[%emt 0:03:30]} 20. Bxg7 {[%emt 0:02:30]} Kxg7 {[%emt 0:00:00]} 21. Qd4+ {[%emt 0:00:30]} Kh6 {[%emt 0:00:00]} 22. a4 {[%emt 0:11:30]} e5 {[%emt 0:13:30]} 23. dxe6 {[%emt 0:01:30]} Qh4 {[%emt 0:00:30]} 24. Rc7 {[%emt 0:02:30]} Re5 {[%emt 0:00:30]} 25. Rf7 {[%emt 0:01:30]} Rf8 {[%emt 0:00:30]} 26. Kh1 {[%emt 0:08:18]} Rxf7 {[%emt 0:08:30]} 27. exf7 {[%emt 0:00:09]} Rf5 {[%emt 0:00:30]} 28. Rg1 {[%emt 0:08:18]} Rxf7 {[%emt 0:01:30]} 29. Rg4 {[%emt 0:01:04]} Qh3 {[%emt 0:00:30]} 30. Qd1 {[%emt 0:00:47]} Rf5 {[%emt 0:01:30]} 31. Kg1 {[%emt 0:01:10]} Rh5 {[%emt 0:02:30]} 32. Qxd6 {[%emt 0:01:14]} Qxh2+ {[%emt 0:00:30]} 33. Kf1 {[%emt 0:00:09]} Rf5 {[%emt 0:00:30]} 34. Qe7 {[%emt 0:01:08]} Qh1+ {[%emt 0:05:30]} 35. Ke2 {[%emt 0:00:05]} Qa1 {[%emt 0:00:30]} 36. Rh4+ {[%emt 0:00:26]} Rh5 {[%emt 0:00:30]} 37. Qf8+ {[%emt 0:00:11]} 1-0

[Event "27th CRO-chT 1B-Men 2018"]
[Site "Biograd"]
[Date "2018.09.15"]
[Round "1.13"]
[White "Pap, Misa"]
[Black "Srbis, Jurica"]
[Result "*"]
[WhiteElo "2482"]
[BlackElo "2428"]
[Annotator "TA"]
[PlyCount "51"]
[EventDate "2018.09.15"]
[EventType "team-tourn"]
[EventCountry "CRO"]
[SourceTitle "playchess.com"]
[Source "ChessBase"]
[SourceQuality "1"]

{[%evp 18,51,69,75,80,36,28,34,56,74,66,40,55,43,49,50,50,20,52,56,76,73,119,119,135,112,93,104,99,103,114,108,114,17,169,196]} 1. e4 e5 2. Nf3 Nc6 3. Bb5 a6 4. Ba4 d6 5. O-O Bd7 6. d4 b5 7. Bb3 Nxd4 8. Nxd4 exd4 9. c3 d3 {C72: Ruy Lopez: Deferred Steinitz: 5 0-0} 10. Qh5 {[%csl Gb3][%cal Rh5f7][%mdl 1024] [#] LiveBook: 4 Games. White has compensation.} (10. Qxd3 Nf6 11. f4 Be6 12. Bxe6 fxe6 13. a4 Rb8 14. axb5 axb5 15. Nd2 Be7 16. Nf3 Qd7 17. Ng5 {½-½ (114) Shirov,A (2630)-Kobalia,M (2596) Sochi 2017}) 10... Qe7 11. Bg5 Nf6 {White is slightly better.} 12. Qh4 $146 ({Predecessor:} 12. Qf3 Qe5 13. Bf4 Qh5 14. Qxd3 Be7 15. Nd2 O-O 16. Bd1 Qg6 17. Re1 Rfe8 18. Nf3 Nh5 19. Be3 Bf6 20. Bc2 Bh3 21. g3 Bg4 22. Nd2 {1-0 (22) Teemae,L-Andersson,N ICCF corr 1986}) 12... Qe5 13. Nd2 {[%cal Bb1d2,Bd2f3,Bf3g5][%mdl 32]} Be7 14. Rae1 {[#] Strongly threatening Nf3.} Ng4 15. Nf3 Bxg5 16. Nxg5 Nh6 17. f4 Qc5+ 18. Kh1 $1 O-O-O 19. Bxf7 d2 20. Rd1 $36 {[%mdl 2048] Keeping Black busy.} Kb8 21. Ne6 ({Don't blunder} 21. Rxd2 $2 Nxf7 22. Nxf7 Qc4 $19) 21... Bxe6 22. Bxe6 Rde8 23. Qh3 Rhf8 24. b4 Qb6 25. Bd5 (25. Rxd2 $16 Ng8 26. Re2) 25... Rf6 $2 (25... Ng8 $11) 26. Rxd2 {Precision: White = 48%, Black = 52%.} *